Evolutorische Wirtschaftspolitik <Eine> elementare Analyse mit entwicklungspolitischen Beispielen

Enregistré dans:
Détails bibliographiques
Auteur principal: Koch, Lambert Tobias
Format: Livre
Langue:allemand
Publié: Tübingen Mohr 1996
Édition:1. Aufl.
Collection:Wirtschaftswissenschaftliche und wirtschaftsrechtliche Untersuchungen 33
Sujets:
Tags: Ajouter un tag
Pas de tags, Soyez le premier à ajouter un tag!

MARC

LEADER 00000nam a2200000 4500
001 c017744
005 20221205125154.5
020 |a 3-16-146555-5 
041 0 |a ger 
044 |a DE 
245 1 0 |a Evolutorische Wirtschaftspolitik  |b <Eine> elementare Analyse mit entwicklungspolitischen Beispielen  |c Lambert Tobias Koch 
250 |a 1. Aufl. 
264 1 |a Tübingen  |b Mohr  |c 1996 
300 |a 202 s. 
490 1 |a Wirtschaftswissenschaftliche und wirtschaftsrechtliche Untersuchungen  |v 33 
830 0 |a Wirtschaftswissenschaftliche und wirtschaftsrechtliche Untersuchungen  |v 33 
610 2 0 |a politika hospodárska 
610 2 0 |a systémy sociálne 
610 2 0 |a systémy sociálno-ekonomické 
610 2 0 |a vývoj hospodársky 
610 2 0 |a vývoj spoločenský 
610 2 0 |a obyvateľstvo 
610 2 0 |a krajiny rozvojové 
610 2 0 |a Ázia 
610 2 0 |a Amerika 
610 2 0 |a Brazília 
100 1 |a Koch, Lambert Tobias